Pam's HarvestCraft - All Crops - Statistics

General Stats
  • This quiz has been taken 8 times
  • The average score is 101 of 152
Answer Stats
Answer % Correct
Almond
100%
Apricot
100%
Artichoke
100%
Banana
100%
Barley
100%
Beans
100%
Beet
100%
Bell Pepper
100%
Blackberry
100%
Blueberry
100%
Cabbage
100%
Cashew
100%
Cassava
100%
Celery
100%
Chestnut
100%
Chili Pepper
100%
Cinnamon
100%
Coconut
100%
Coffee Beans
100%
Corn
100%
Cranberry
100%
Cucumber
100%
Date
100%
Eggplant
100%
Fig
100%
Garlic
100%
Ginger
100%
Grape
100%
Grapefruit
100%
Hazelnut
100%
Kale
100%
Lemon
100%
Lettuce
100%
Lime
100%
Mango
100%
Mustard
100%
Oats
100%
Olive
100%
Onion
100%
Orange
100%
Papaya
100%
Parsnip
100%
Pawpaw
100%
Peach
100%
Peanut
100%
Pear
100%
Peppercorn
100%
Pineapple
100%
Pistachio
100%
Plum
100%
Radish
100%
Raspberry
100%
Rice
100%
Rye
100%
Soybean
100%
Spinach
100%
Starfruit
100%
Strawberry
100%
Sweet Potato
100%
Tea Leaf
100%
Tomato
100%
Walnut
100%
Winter Squash
100%
Yucca
100%
Zucchini
100%
Acorn
50%
Agave
50%
Aloe
50%
Amaranth
50%
Arrowroot
50%
Asparagus
50%
Avocado
50%
Bamboo Shoot
50%
Barrel Cactus
50%
Breadfruit
50%
Broccoli
50%
Brussels Sprout
50%
Cactus Fruit
50%
Calabash
50%
Candleberry
50%
Candlenut
50%
Canola
50%
Cantaloupe
50%
Cattail
50%
Cherry
50%
Chickpeas
50%
Cloudberry
50%
Dragonfruit
50%
Elderberry
50%
Flax
50%
Giga Pickle
50%
Gooseberry
50%
Green Grape
50%
Guarana
50%
Guava
50%
Huckleberry
50%
Jackfruit
50%
Juniperberry
50%
Jute
50%
Kenaf
50%
Kiwi
50%
Kohlrabi
50%
Leek
50%
Lentil
50%
Lotus
50%
Lychee
50%
Maple
50%
Millet
50%
Mulberry
50%
Nettles
50%
Nopales
50%
Nutmeg
50%
Paper Bark
50%
Passion Fruit
50%
Peas
50%
Pecan
50%
Persimmon
50%
Pinenuts
50%
Pomegranate
50%
Quinoa
50%
Rambutan
50%
Rhubarb
50%
Rutabaga
50%
Scallion
50%
Sesame Seeds
50%
Sisal
50%
Soursop
50%
Spice Leaf
50%
Spider Web
50%
Sunchoke
50%
Sunflower Seeds
50%
Tamarind
50%
Tomatillo
50%
Turnip
50%
Water Chestnut
50%
White Mushroom
50%
Wolfberry
50%
Alfalfa
0%
Bok Choy
0%
Cauliflower
0%
Chia
0%
Cotton
0%
Curry Leaf
0%
Durian
0%
Jicama
0%
Okra
0%
Papyrus
0%
Seaweed
0%
Sorghum
0%
Taro
0%
Truffle
0%
Vanilla
0%
No matching quizzes found
Score Distribution
Percent of People with Each Score
Percentile by Number Answered
Your Score History
You have not taken this quiz